| 000 | 01087nam a2200337 c 4500 | ||
|---|---|---|---|
| 001 | 19122 | ||
| 003 | ES-MaCES | ||
| 005 | 20150925133416.0 | ||
| 008 | 060725s2004 sp d t 000 | spa d | ||
| 035 | _aCES20060009504m | ||
| 040 |
_aES-MaCES _bspa _cES-MaCES |
||
| 100 | 1 |
_aAllard, Gayle _95939 |
|
| 245 | 1 | 3 |
_aEl impacto de la inversión directa de Estados Unidos en España _cGayle Allard, Rafael Pampillón |
| 260 |
_a[Madrid] _bInstituto de Empresa _c2004 |
||
| 300 |
_a52 p. _bgráf. col. _c30 cm |
||
| 541 | _cGratuito | ||
| 650 | 4 |
_ainversión _928141 |
|
| 650 | 4 |
_ainversiones extranjeras _928175 |
|
| 650 | 4 |
_aEstados Unidos _928373 |
|
| 650 | 4 |
_aconsecuencias económicas _927082 |
|
| 650 | 4 |
_aEspaña _926964 |
|
| 650 | 4 |
_a1983-2005 _931866 |
|
| 650 | 4 |
_acuadros estadísticos _928890 |
|
| 653 | 1 | 0 | _aCondiciones económicas |
| 650 | 4 |
_928178 _aempresa |
|
| 700 | 1 |
_aPampillón Olmedo, Rafael _920309 |
|
| 710 | 2 |
_aInstituto de Empresa _eed. _94140 |
|
| 902 | _aDOC Literatura gris | ||
| 942 |
_2CES _cBK _h0.0. |
||
| 999 |
_c19122 _d19122 |
||